[Event "15th Open A"]
[Site "Vienna AUT"]
[Date "2006.07.30"]
[Round "2"]
[White "Dinckel,J"]
[Black "Kottisch,G"]
[Result "1-0"]
[WhiteElo "2101"]
[BlackElo "1991"]

1.d4 Nf6 2.c4 g6 3.Nc3 Bg7 4.e4 d6 5.Be2 O-O 6.Nf3 Nbd7 7.O-O e5 8.d5 Nc5
9.Qc2 a5 10.a3 Nh5 11.Be3 Nf4 12.b4 axb4 13.axb4 Rxa1 14.Rxa1 Na6 15.Rb1 f5
16.Bf1 h6 17.exf5 Bxf5 18.Ne4 g5 19.Nfd2 Qe7 20.c5 Nxd5 21.Bc4 Be6 22.Qa2 c6
23.cxd6 Qf7 24.b5 Nb8 25.bxc6 bxc6 26.Qa8 Nxe3 27.Bxe6 Qxe6 28.fxe3 Nd7 29.Qxc6 Rf7
30.Rf1 Bf8 31.Rxf7 Kxf7 32.Nf3 Qf5 33.Qd5+ Ke8 34.h3 Qg6 35.Nxe5 Nxe5 36.Qxe5+ Kd7
37.Nf6+ Kc6 38.Qd5+ Kb6 39.Nd7+  1-0

[Event "Dutch Open"]
[Site "Dieren NED"]
[Date "2006.07.31"]
[Round "6"]
[White "Miedema,R"]
[Black "Bloemhard,R"]
[Result "1-0"]
[WhiteElo "2218"]
[BlackElo "2092"]

1.d4 d6 2.Nf3 g6 3.c4 Bg7 4.e4 Nf6 5.Nc3 O-O 6.Be2 e5 7.d5 a5 8.Bg5 Na6 9.Nd2 h6
10.Be3 Nh7 11.g4 Qh4 12.Rg1 Ng5 13.Nf3 Nxf3+ 14.Bxf3 f5 15.gxf5 gxf5 16.exf5 Bxf5
17.Bg4 Nb4 18.Bxf5 Rxf5 19.Qe2 Raf8 20.O-O-O Kh7 21.a3 Na6 22.Rg4 Qxh2 23.Rdg1 R8f7
24.Qc2 Nc5 25.Rxg7+ Kh8 26.Rg8+ Kh7 27.R8g2 Qh5 28.Bxc5 dxc5 29.Ne4  1-0

[Event "Dutch Open"]
[Site "Dieren NED"]
[Date "2006.07.31"]
[Round "6"]
[White "Schuurman,P"]
[Black "Drost,P"]
[Result "1/2-1/2"]
[WhiteElo "2219"]
[BlackElo "2118"]

1.Nf3 Nf6 2.c4 g6 3.Nc3 Bg7 4.e4 d6 5.d4 O-O 6.Be2 e5 7.Be3 Na6 8.O-O Ng4
9.Bg5 Qe8 10.Rc1 h6 11.Bh4 f5 12.exf5 gxf5 13.dxe5 dxe5 14.h3 Nf6 15.Nd5 Nxd5
16.Qxd5+ Kh7 17.Nh2 Nb4 18.Qd2 Nc6 19.Qd1 Be6 20.Bh5 Bf7 21.Bxf7 Rxf7 22.Qh5 Nd4
23.Rfe1 Rd7 24.Qxe8 Rxe8 25.Kf1  1/2-1/2

[Event "Sunny Pawn A"]
[Site "Illichevsk UKR"]
[Date "2006.07.31"]
[Round "11"]
[White "Savchenko,S"]
[Black "Vovk,A"]
[Result "1/2-1/2"]
[WhiteElo "2508"]
[BlackElo "2388"]

1.d4 Nf6 2.c4 g6 3.Nc3 Bg7 4.e4 d6 5.Nf3 O-O 6.Be2 e5 7.O-O Na6 8.Be3 c6
9.d5 Ng4 10.Bg5 f6 11.Bh4 c5 12.a3 Nh6 13.Nd2 Nf7 14.Rb1 h5 15.f3 Bh6 16.b4 Be3+
17.Kh1 Bd7 18.Bd3 b6 19.Qe2 Bg5 20.Bxg5 fxg5 21.Bc2 Qe8 22.Nb5 Qe7 23.Ba4 Nh6
24.Nc3 Bxa4 25.Nxa4 Rf7 26.bxc5 Nxc5 27.Nxc5 bxc5 28.g3 Raf8 29.Kg2 g4 30.fxg4 Rxf1
31.Rxf1 Nxg4 32.Rxf8+ Qxf8 33.h3  1/2-1/2

[Event "15th Open A"]
[Site "Vienna AUT"]
[Date "2006.07.31"]
[Round "3"]
[White "Solonar,S"]
[Black "Tratar,M"]
[Result "0-1"]
[WhiteElo "2346"]
[BlackElo "2503"]

1.Nf3 Nf6 2.c4 g6 3.Nc3 Bg7 4.e4 d6 5.d4 O-O 6.Be2 e5 7.O-O c6 8.Re1 Na6
9.Bf1 Bg4 10.Be3 Bxf3 11.gxf3 Nh5 12.d5 c5 13.Qd2 Nc7 14.Ne2 f5 15.exf5 Rxf5
16.Bh3 Rxf3 17.Bg4 Rf8 18.Bxh5 gxh5 19.Ng3 Qh4 20.Qe2 Ne8 21.Qxh5 Qxc4 22.Nf5 Rf6
23.f3 Qc2 24.Nh4 Qxb2 25.Kh1 Qb5 26.Rg1 Qd7 27.Rg5 Qf7 28.Qg4 Rd8 29.Rg1 Rd7
30.Nf5 Rg6 31.Rxg6 hxg6 32.Qxg6 Qxg6 33.Rxg6 Kf7 34.Re6 Bf8 35.Bg5 Nc7 36.Rf6+ Kg8
37.Rg6+ Kf7 38.Rf6+ Ke8 39.Bh6 Bxh6 40.Rxh6 Nxd5 41.Nxd6+ Kf8 42.h4 Nc3 43.h5 b5
44.Re6 Re7 45.Rf6+ Kg7 46.Rg6+ Kh7 47.Rg2 b4 48.Kh2 Rg7 49.Nc4 Rxg2+ 50.Kxg2 Nxa2
51.Kf2 b3 52.Ke3 a5 53.Ke4 a4 54.Kd5 Nc3+ 55.Kxc5 b2 56.Na3 b1=Q 57.Nxb1 Nxb1
58.Kd5  0-1

[Event "15th Open A"]
[Site "Vienna AUT"]
[Date "2006.07.31"]
[Round "3"]
[White "Timoscenko,G"]
[Black "Bawart,M"]
[Result "1/2-1/2"]
[WhiteElo "2494"]
[BlackElo "2334"]

1.d4 Nf6 2.c4 g6 3.Nc3 Bg7 4.e4 d6 5.Nf3 O-O 6.Be2 e5 7.Be3 exd4 8.Nxd4 Re8
9.f3 c6 10.Qd2 d5 11.exd5 cxd5 12.O-O Nc6 13.Rad1 Nxd4 14.Bxd4 dxc4 15.Bxc4 Qc7
16.Bb5 Rd8 17.Qf2 Be6 18.Bxa7 Nd5 19.Nxd5 Rxd5 20.Rxd5 Bxd5 21.a4 Be5 22.f4 Bxf4
23.Qxf4 Qxf4 24.Rxf4 Rxa7 25.b4 b6 26.Rd4 Bb3 27.Rd3 Be6 28.Rd6 Rb7 29.Bc6 Rb8
30.Rd1 Kf8 31.Kf2 Ke7 32.Ke3 Rc8 33.b5 Rc7 34.a5 bxa5 35.Ra1 Kd6 36.Rxa5 Kc5
37.Ke4 f6 38.Ra8 Re7 39.Kf4 g5+  1/2-1/2

[Event "Dutch Open"]
[Site "Dieren NED"]
[Date "2006.08.01"]
[Round "7"]
[White "Grooten,H"]
[Black "Li Shilong"]
[Result "0-1"]
[WhiteElo "2362"]
[BlackElo "2540"]

1.d4 Nf6 2.c4 g6 3.Nc3 Bg7 4.e4 d6 5.Be2 O-O 6.Nf3 Na6 7.O-O e5 8.Re1 Bg4
9.d5 Nc5 10.Bg5 a5 11.Nd2 Bd7 12.Rb1 h6 13.Bh4 Qe8 14.Bxf6 Bxf6 15.Bg4 Bg5
16.Bxd7 Qxd7 17.Nb3 Nxb3 18.axb3 f5 19.exf5 gxf5 20.c5 Rae8 21.cxd6 cxd6
22.Ra1 b6 23.Ra4 Bf6 24.Qd2 Bg7 25.Rc4 Rc8 26.Rc1 Rc5 27.g3 Qb7 28.Qe2 e4
29.Na4 Rxc4 30.bxc4 Qe7 31.Nc3 Bd4 32.Nb5 Bc5 33.Kh1 f4 34.gxf4 Rxf4 35.Rg1+ Kh7
36.Qh5 Qf7 37.Qxf7+ Rxf7 38.Rg2 Rf4 39.h3 Bxf2 40.Rg4 Rxg4 41.hxg4 Bc5 42.Kg2 Kg6
43.Kg3 Kf6 44.Kf4 e3 45.Nc3 Bd4 46.Ne4+ Ke7 47.Kf3 a4 48.Ng3 Bxb2 49.Nf5+ Kd7
50.Nxe3 a3 51.Nc2 a2 52.Kf4 Ke7 53.Kf5 Kf7  0-1

[Event "ITT"]
[Site "Villa Martelli ARG"]
[Date "2006.08.01"]
[Round "9"]
[White "Guerrero,Alv"]
[Black "Gattas,A"]
[Result "0-1"]
[WhiteElo "2168"]
[BlackElo "2197"]

1.d4 Nf6 2.c4 g6 3.Nc3 Bg7 4.e4 d6 5.Be2 O-O 6.Nf3 e5 7.d5 Nbd7 8.Nd2 Ne8
9.b4 a5 10.bxa5 Rxa5 11.Nb3 Ra8 12.O-O f5 13.Bd2 Nef6 14.f3 f4 15.a4 g5 16.Be1 Rf7
17.Bf2 Bf8 18.g4 fxg3 19.hxg3 Rg7 20.g4 h5 21.Kg2 Be7 22.Rh1 Nf8 23.Kg3 Ng6
24.Qg1 Nf4 25.Bd1 Qd7 26.Ra2 hxg4 27.fxg4 Nxg4 28.Nd2 Rf7 29.Bf3 Nxf2 30.Qxf2 g4
31.Qh2 Nh3 32.Bg2 Bg5  0-1

[Event "15th Open A"]
[Site "Vienna AUT"]
[Date "2006.08.05"]
[Round "8"]
[White "Haas,B"]
[Black "Fasser,W"]
[Result "0-1"]
[WhiteElo "1937"]
[BlackElo "2036"]

1.d4 Nf6 2.c4 g6 3.Nc3 Bg7 4.e4 d6 5.Nf3 O-O 6.Be2 e5 7.d5 Nh5 8.g3 Na6 9.a3 c5
10.Rb1 h6 11.Be3 Kh7 12.b4 b6 13.O-O Bh3 14.Re1 Qc8 15.Nb5 Rd8 16.Qc2 Nf4
17.Red1 Nxe2+ 18.Qxe2 f5 19.Nd2 Nc7 20.bxc5 bxc5 21.Qe1 Nxb5 22.Rxb5 f4 23.Rdb1 fxe3
24.Qxe3 Rf8 25.Rb7 Qe8 26.f4 Bc8 27.Rb8 Rxb8 28.Rxb8 exf4 29.Qe2 fxg3  0-1

[Event "15th Open A"]
[Site "Vienna AUT"]
[Date "2006.08.05"]
[Round "8"]
[White "Gofshtein,Z"]
[Black "Solonar,S"]
[Result "1/2-1/2"]
[WhiteElo "2521"]
[BlackElo "2346"]

1.d4 Nf6 2.c4 d6 3.Nc3 Nbd7 4.e4 e5 5.Nf3 g6 6.Be2 Bg7 7.O-O O-O 8.Be3 Qe7
9.Qc2 c6 10.Rfe1 h6 11.d5 c5 12.Nd2 Nh7 13.a3 f5 14.f3 f4 15.Bf2 Ndf6 16.b4 b6
17.bxc5 bxc5 18.Reb1 g5 19.Qa4 g4 20.Bh4 Ng5 21.Qc6 Bd7 22.Rb7 a6 23.Bxg5 hxg5
24.fxg4 Rfd8 25.Qb6 Qe8 26.h3 Bf8 27.Rb1 Kf7 28.Nb3 Kg6 29.Bd1 Be7 30.Na5 Rdc8
31.Nc6 Bd8 32.Nxd8 Rxd8 33.Qa5 Qh8 34.Bf3 Rdc8 35.Nd1 Qf8 36.Nf2 Kh6 37.Bd1 Qe8
38.Qb6 Qf8 39.Bc2 Rd8 40.Qa5 Rdc8 41.Ba4 Bxa4 42.Qxa4 Rab8 43.Qb3 Nd7 44.Qa4 Nf6
45.Kh2 Kg6 46.Qxa6 Ra8 47.Ra7 Rxa7 48.Qxa7 Ra8 49.Qc7 Rxa3 50.Rb8 Qh6 51.Qc8 Ra7
52.g3 Ra2 53.Qf5+ Kg7 54.Rb7+ Kh8 55.Kg2 fxg3 56.Rb8+ Kg7 57.Rb7+ Kh8 58.Rb8+  1/2-1/2

[Event "ch-Euro Senior"]
[Site "Davos SUI"]
[Date "2006.08.06"]
[Round "2"]
[White "Stull,N"]
[Black "Stepak,Y"]
[Result "1/2-1/2"]
[WhiteElo "2129"]
[BlackElo "2280"]

1.d4 Nf6 2.c4 g6 3.Nc3 Bg7 4.e4 d6 5.Be2 O-O 6.Nf3 Na6 7.O-O e5 8.Re1 c6
9.Bf1 Bg4 10.d5 c5 11.h3 Bd7 12.a3 Ne8 13.Rb1 f5 14.b4 b6 15.Bg5 Bf6 16.Bxf6 Qxf6
17.Nd2 f4 18.Be2 h5 19.Nb5 Rf7 20.Rb3 Rh7 21.Nb1 Qe7 22.N1c3 Nf6 23.Bf1 g5
24.g3 Rf7 25.Na4 fxg3 26.fxg3 g4 27.h4 Nh7 28.bxc5 bxc5 29.Bg2 Raf8 30.Rb2 Rf6
31.Nac3 Bc8 32.Qa4 R8f7 33.Nd1 Qd8 34.Ne3 Nf8 35.Nf5 Nc7 36.Rf1 Nxb5 37.cxb5 Qb6
38.Qc4 Bxf5 39.exf5 Rxf5 40.Rxf5 Rxf5 41.Be4 Rf7 42.Rf2 Rxf2 43.Kxf2 Qd8
44.Kg2 Kg7 45.a4 Qa5 46.Qc1 Nh7 47.Bxh7 Kxh7 48.Qg5 Qxa4  1/2-1/2

[Event "93rd ch-GBR"]
[Site "Swansea WLS"]
[Date "2006.08.07"]
[Round "1"]
[White "Bonafont,P"]
[Black "Cobb,J"]
[Result "0-1"]
[WhiteElo "2118"]
[BlackElo "2370"]

1.d4 d6 2.c4 g6 3.Nc3 Bg7 4.e4 Nd7 5.Nf3 e5 6.Be2 Ngf6 7.O-O O-O 8.Qc2 c6
9.Rd1 Qe7 10.d5 c5 11.Bg5 h6 12.Bh4 g5 13.Bg3 Nh5 14.Nd2 Nf4 15.Nf1 Nf6 16.f3 h5
17.Ne3 Bh6 18.Nf5 Bxf5 19.exf5 Kh8 20.a3 Rg8 21.b4 b6 22.Kh1 g4 23.Bh4 Bg5
24.Bxg5 Rxg5 25.Ne4 Nxe4 26.fxe4 g3 27.h3 Rag8 28.Rd3 Nxd3 29.Qxd3 h4 30.Qf3 Qf6
31.Bd1 Qh6 32.Qe3 Kh7 33.Bf3 R5g7 34.Qd3 Ra8 35.Kg1 Rgg8 36.Kf1 Rgc8 37.Ke2 b5
38.cxb5 Rc7 39.Qd2 Rac8 40.Bg4 Qxd2+ 41.Kxd2 cxb4 42.axb4 Rc2+ 43.Kd1 Rxg2
44.Rxa7 Rf2 45.f6 g2 46.Rxf7+ Kh8  0-1

[Event "93rd ch-GBR"]
[Site "Swansea WLS"]
[Date "2006.08.07"]
[Round "1"]
[White "Shaw,P"]
[Black "Buckley,G"]
[Result "1/2-1/2"]
[WhiteElo "2122"]
[BlackElo "2379"]

1.d4 Nf6 2.c4 g6 3.Nc3 Bg7 4.e4 d6 5.Nf3 O-O 6.Be2 e5 7.Be3 exd4 8.Nxd4 Re8
9.f3 c6 10.Nc2 d5 11.O-O dxe4 12.Qxd8 Rxd8 13.Rad1 Re8 14.fxe4 Nbd7 15.Bf3 Ne5
16.b3 Nxf3+ 17.gxf3 Bh3 18.Rfe1 Nh5 19.Bd4 Bh6 20.Ne2 f5 21.Ng3 Nxg3 22.hxg3 fxe4
23.Rxe4 Bf5 24.Rxe8+ Rxe8 25.Re1 Rd8 26.Be3 Bg7 27.Re2 h5 28.Bxa7 Ra8 29.Bd4 Rxa2
30.Bxg7 Kxg7 31.Nd4 Rxe2 32.Nxe2 Kf6 33.f4 Bd3 34.Nc3 Kf5 35.Kf2 Kg4 36.Nd1 Kf5
37.Nc3 Bc2 38.b4 Kg4 39.c5 h4 40.gxh4 Kxf4 41.b5 Bd3 42.bxc6 bxc6 43.Nd1 Ba6
44.Ne3 Bb5 45.Ng2+ Kg4 46.Ke3 Ba4 47.Ke4 Kg3 48.Nf4 Bc2+ 49.Ke5 Kxh4 50.Ne6 g5
51.Nd4 Bd3 52.Nxc6 g4 53.Nd4 g3 54.c6 g2 55.c7 Ba6 56.Kf4 Kh3 57.Nf3 Bb7
58.Ng1+ Kh2 59.Nf3+ Kh1 60.Kg3 g1=Q+  1/2-1/2

[Event "FSGM August"]
[Site "Budapest HUN"]
[Date "2006.08.09"]
[Round "5"]
[White "Le Quang Liem"]
[Black "Martinovic,Sa"]
[Result "1-0"]
[WhiteElo "2488"]
[BlackElo "2367"]

1.d4 Nf6 2.Nf3 g6 3.c4 Bg7 4.Nc3 O-O 5.e4 d6 6.Be2 e5 7.O-O exd4 8.Nxd4 Re8
9.f3 Nc6 10.Be3 Nh5 11.f4 Nf6 12.Bf3 Bg4 13.Nxc6 Bxf3 14.Qxf3 bxc6 15.Rae1 Nd7
16.Bf2 Qb8 17.b3 Qb4 18.e5 dxe5 19.f5 gxf5 20.Qxf5 Qe7 21.Rd1 Nf8 22.Ne4 Qe6
23.Bh4 Ng6 24.Bf6 Qxf5 25.Rxf5 Kf8 26.Bxg7+ Kxg7 27.Rd7 Re7 28.Rxe7 Nxe7
29.Rxe5 Ng6 30.Ra5 Re8 31.Ng3 Nf4 32.Nh5+ Nxh5 33.Rxh5 Re2 34.Ra5 Kg6 35.Rxa7 f5
36.Kf1 Rb2 37.Rxc7 Rxa2 38.Rxc6+ Kg5 39.Re6 Rb2 40.Re3 Kf4 41.Rc3 Rb1+ 42.Ke2 Ke4
43.c5 Rb2+ 44.Kf1 Kd4 45.c6  1-0

[Event "93rd ch-GBR"]
[Site "Swansea WLS"]
[Date "2006.08.11"]
[Round "5"]
[White "Shaw,P"]
[Black "Thomas,Jos"]
[Result "1-0"]
[WhiteElo "2122"]
[BlackElo "2029"]

1.d4 Nf6 2.c4 g6 3.Nc3 Bg7 4.e4 d6 5.Nf3 O-O 6.Be2 e5 7.Be3 Nc6 8.d5 Ne7
9.Nd2 Ne8 10.b4 a5 11.a3 f5 12.f3 f4 13.Bf2 c5 14.bxc5 dxc5 15.Bxc5 b6 16.Bf2 Ba6
17.Rb1 Rb8 18.Na4 Nc8 19.c5 b5 20.Nc3 Qg5 21.O-O Na7 22.Kh1 Nf6 23.a4 b4
24.Bxa6 bxc3 25.Rxb8 Rxb8 26.Nb1 Nh5 27.Nxc3 Ng3+ 28.Bxg3 fxg3 29.Qc1 Qh4
30.h3 h5 31.Ne2 Rb4 32.c6 Qf6 33.Qc5 Rxe4 34.Qxa7 Rh4 35.c7 Rxh3+ 36.gxh3 g2+
37.Kxg2 Qg5+ 38.Kh2  1-0

[Event "17th Jozef Kochan Mem"]
[Site "Koszalin POL"]
[Date "2006.08.12"]
[Round "9"]
[White "Szymanska,M"]
[Black "Krzyzanowski,M"]
[Result "0-1"]
[WhiteElo "2186"]
[BlackElo "2106"]

1.d4 Nf6 2.c4 d6 3.Nf3 Nbd7 4.Nc3 e5 5.e4 g6 6.Be2 Bg7 7.O-O O-O 8.Re1 c6
9.Bf1 Qe7 10.dxe5 Nxe5 11.h3 Be6 12.Nxe5 dxe5 13.Be3 Rfd8 14.Qc2 Nd7 15.a3 f5
16.f3 f4 17.Bf2 g5 18.b4 h5 19.Rad1 Qf7 20.Nb1 Kh8 21.Nd2 Rg8 22.c5 g4 23.hxg4 hxg4
24.fxg4 Bh6 25.Bc4 Rxg4 26.Bxe6 Qxe6 27.Re2 Rxg2+ 28.Kxg2 Rg8+ 29.Kf1 f3
30.Re3 Bxe3 31.Bxe3 Qh3+ 32.Ke1 Rg2 33.Qc4 Qh4+  0-1

[Event "Open"]
[Site "Predeal ROM"]
[Date "2006.08.12"]
[Round "1"]
[White "Olarasu,G"]
[Black "Sfarlog,T"]
[Result "1-0"]
[WhiteElo "2222"]
[BlackElo "2120"]

1.d4 g6 2.c4 Bg7 3.e4 d6 4.Nc3 Nd7 5.Nf3 e5 6.Be2 Ngf6 7.O-O O-O 8.Re1 Re8
9.Bf1 c6 10.d5 c5 11.g3 Nf8 12.Nh4 h6 13.Ng2 N6h7 14.g4 f5 15.exf5 gxf5 16.gxf5 Bxf5
17.Bd3 Qd7 18.Bxf5 Qxf5 19.Ne4 Rad8 20.Ng3 Qf7 21.Nh4 Ng6 22.Nhf5 Ne7 23.Nxh6+ Bxh6
24.Bxh6 Qg6 25.Qh5 Qxh5 26.Nxh5 Nf5 27.Bd2 Kh8 28.Kh1 Nd4 29.Re4 Nf3 30.Bh6 Rg8
31.Re3 Nd4 32.Rg3 Nf5 33.Rxg8+ Rxg8 34.Be3 Rg4 35.b3 Kg8 36.Rg1 Rxg1+ 37.Kxg1 Kf7
38.Ng3 Kg6 39.Ne4 Nf6 40.Nxf6 Kxf6 41.Kg2 a5 42.Bd2 b6 43.Kf3 Nd4+ 44.Ke4 Ne2
45.h4 Kg6 46.Kf3 Nd4+ 47.Kg4 b5 48.cxb5 Nxb5 49.Bxa5 c4 50.bxc4 Na3 51.Bc7  1-0

[Event "Acropolis Open"]
[Site "Athens GRE"]
[Date "2006.08.13"]
[Round "1"]
[White "Kalesis,N"]
[Black "Koliopoulos,K"]
[Result "1-0"]
[WhiteElo "2435"]
[BlackElo "2204"]

1.d4 Nf6 2.c4 g6 3.Nc3 Bg7 4.e4 d6 5.Nf3 O-O 6.Be2 e5 7.dxe5 dxe5 8.Qxd8 Rxd8
9.Nd5 Nxd5 10.cxd5 c6 11.Bc4 cxd5 12.Bxd5 Nd7 13.Bg5 Re8 14.Rc1 h6 15.Be3 Nf6
16.Bb3 Nxe4 17.Rc7 Be6 18.Bxe6 Rxe6 19.Rxb7 Ra6 20.a3 Nd6 21.Rb4 Nf5 22.O-O Nxe3
23.fxe3 Rb6 24.Rxb6 axb6 25.Rc1 e4 26.Nd4 Rd8 27.Rc4 Bxd4 28.exd4 Rd6 29.Kf2 f5
30.Ke3 Kf7 31.Rb4 Rc6 32.d5 Rc2 33.Rxb6 Rxg2 34.a4 Rxh2 35.a5 Rh3+ 36.Kf4 Rf3+
37.Ke5 e3 38.Rb7+ Kg8 39.Kf6 e2 40.Re7 Rd3 41.Rxe2 Rxd5 42.Kxg6 Kf8 43.b4 Rb5
44.Ra2 Rxb4 45.a6 Rb8 46.Kf6 f4 47.a7 Ra8 48.Rb2  1-0

[Event "FSIMA August"]
[Site "Budapest HUN"]
[Date "2006.08.13"]
[Round "9"]
[White "Toth,Li"]
[Black "Rees,I"]
[Result "1/2-1/2"]
[WhiteElo "2217"]
[BlackElo "2241"]

1.d4 Nf6 2.c4 g6 3.Nc3 Bg7 4.e4 d6 5.Nf3 O-O 6.Be2 e5 7.O-O Qe8 8.d5 Nfd7
9.Ne1 f5 10.Nd3 f4 11.Rb1 g5 12.Bh5 Qe7 13.Bg4 a5 14.a3 c5 15.dxc6 bxc6 16.b4 axb4
17.axb4 Nf6 18.Bxc8 Rxc8 19.f3 Nbd7 20.Qb3 Qf7 21.b5 Nb6 22.c5 Qxb3 23.Rxb3 dxc5
24.Nxc5 cxb5 25.Ne6 Bh6 26.Nxb5 Rc6 27.Nbc7 Rc8 28.Ba3 Na8 29.Nd5 Rxe6 30.Ne7+ Rxe7
31.Bxe7 Kf7 32.Rb7 Rc7  1/2-1/2

[Event "Independence Cup A"]
[Site "Kyiv UKR"]
[Date "2006.08.13"]
[Round "1"]
[White "Vdovichenko,V"]
[Black "Kruglyakov,P"]
[Result "1-0"]
[WhiteElo "2065"]
[BlackElo "2281"]

1.d4 Nf6 2.Nf3 g6 3.c4 Bg7 4.Nc3 O-O 5.e4 d6 6.Be2 e5 7.dxe5 dxe5 8.Qxd8 Rxd8
9.Bg5 Re8 10.O-O-O Nbd7 11.Nb5 Rf8 12.Nxc7 Rb8 13.Nd5 Nxd5 14.cxd5 Nc5 15.Nd2 Bd7
16.Kb1 f5 17.Be3 Nxe4 18.Nxe4 fxe4 19.Bxa7 Ra8 20.Be3 h5 21.Rc1 Rac8 22.Rxc8 Rxc8
23.Rc1 Rxc1+ 24.Kxc1 Bf8 25.Kc2 Kf7 26.Kc3 Bd6 27.Bd1 Kf6 28.Bc2 Bf5 29.Kc4 Ke7
30.Kb5 Kd8 31.Kb6 Kc8 32.Bc5 Bc7+ 33.Kb5 Kd7 34.Kc4  1-0

[Event "93rd ch-GBR"]
[Site "Swansea WLS"]
[Date "2006.08.13"]
[Round "7"]
[White "Palliser,R"]
[Black "Buckley,G"]
[Result "1-0"]
[WhiteElo "2413"]
[BlackElo "2379"]

1.d4 Nf6 2.c4 g6 3.Nc3 Bg7 4.e4 d6 5.Nf3 O-O 6.Be2 e5 7.O-O Nbd7 8.Qc2 c6
9.Rd1 Qe7 10.d5 c5 11.g3 Ne8 12.Nh4 Ndf6 13.Bg5 h6 14.Bd2 Nh7 15.Qc1 Ng5
16.Kh1 Kh7 17.Rf1 Nf6 18.f3 Bh3 19.Re1 Nd7 20.Bd3 Rae8 21.Qc2 h5 22.Be3 Bf6
23.Bf2 Kg7 24.Rg1 Nh7 25.a3 Kh8 26.b4 b6 27.Rab1 Rg8 28.Nb5 Ra8 29.Nc7 Rac8
30.Nb5 Ra8 31.Bf1 Bxf1 32.Rbxf1 Bg5 33.Ng2 Rgf8 34.f4 Bh6 35.bxc5 bxc5 36.Be3 a6
37.Nc3 exf4 38.gxf4 Rab8 39.Bf2 Bg7 40.Re1 Rfe8 41.e5 dxe5 42.f5 g5 43.Ne4 Rec8
44.Ne3 g4 45.f6 Ndxf6 46.Bh4 Qd7 47.Ref1 Nxe4 48.Qxe4 Rb3 49.Nf5 f6 50.Ng3 Rf8
51.Rf5 Rf3 52.Rxf3 gxf3 53.Qxf3 Qh3 54.Qxh5 f5 55.Be7 Qxh5 56.Nxh5 Rg8 57.Bd6 Rd8
58.Bc7 Rc8 59.Rxg7 Nf6 60.Bxe5  1-0

[Event "Independence Cup A"]
[Site "Kyiv UKR"]
[Date "2006.08.14"]
[Round "2"]
[White "Perun,S"]
[Black "Julin,A"]
[Result "1-0"]
[WhiteElo "2355"]
[BlackElo "2231"]

1.d4 Nf6 2.Nf3 g6 3.c4 Bg7 4.Nc3 O-O 5.e4 d6 6.Be2 e5 7.O-O Nbd7 8.Re1 Re8
9.Bf1 c6 10.d5 Qc7 11.h3 a5 12.Be3 Nc5 13.Nd2 Bd7 14.Rb1 Reb8 15.Bxc5 dxc5
16.dxc6 bxc6 17.Na4 Bf8 18.Qf3 Kg7 19.Qe3 Rb4 20.Nxc5 Bxc5 21.Qxc5 Be6 22.a3 Rb7
23.b4 axb4 24.axb4 Ra2 25.Nf3 Nd7 26.Qe7 h6 27.Red1 Nf6 28.Qxc7 Rxc7 29.Rd2 Ra4
30.Nxe5 Nxe4 31.Rdb2 c5 32.b5 Nd6 33.b6 Rb7 34.g3 Nxc4 35.Bxc4 Bxc4 36.Rc1 Be6
37.Rxc5 Ra3 38.f3 Ra6 39.Rc6 Kf6 40.Nd3 Ke7 41.Nc5 Ra1+ 42.Kf2 Rb8 43.b7 Rc1
44.Na6  1-0

[Event "Independence Cup A"]
[Site "Kyiv UKR"]
[Date "2006.08.14"]
[Round "2"]
[White "Kruppa,Y"]
[Black "Goncharov,O"]
[Result "1/2-1/2"]
[WhiteElo "2540"]
[BlackElo "2193"]

1.d4 Nf6 2.c4 g6 3.Nc3 Bg7 4.e4 d6 5.Nf3 O-O 6.Be2 e5 7.Be3 exd4 8.Nxd4 Re8
9.f3 c6 10.Bf2 d5 11.exd5 cxd5 12.O-O Nc6 13.c5 Nh5 14.Qd2 Be5 15.g3 Ng7
16.Rfd1 Be6 17.Ncb5 Nf5 18.Nxf5 Bxf5 19.Bf1 a6 20.Nd4 Qf6 21.Rac1 Rad8 22.b4 Bc8
23.f4 Bxd4 24.Bxd4 Qf5 25.Qb2 Nxd4 26.Rxd4 Qg4 27.Qg2 Bd7 28.Rcd1 Bc6 29.Qf2 Rd7
30.Bg2 Rde7 31.h3 Qf5 32.g4 Qf6 33.Bf3 Re1+ 34.Rxe1 Rxe1+ 35.Kg2 Rc1 36.Bxd5 Rc2
37.Qxc2 Qxd4 38.Bxc6 bxc6 39.a3 Qxf4 40.Qe2 Kg7 41.Qxa6 Qe4+ 42.Kf2 Qf4+
43.Kg2 Qe4+ 44.Kf2 Qf4+  1/2-1/2

[Event "Open"]
[Site "Predeal ROM"]
[Date "2006.08.14"]
[Round "4"]
[White "Gleizerov,E"]
[Black "Jordanova,S"]
[Result "1-0"]
[WhiteElo "2562"]
[BlackElo "2230"]

1.d4 Nf6 2.c4 g6 3.Nc3 Bg7 4.e4 d6 5.Nf3 O-O 6.Be2 Na6 7.O-O e5 8.Be3 Ng4
9.Bg5 Qe8 10.c5 exd4 11.Nd5 c6 12.Ne7+ Kh8 13.cxd6 f6 14.Bh4 c5 15.Nxd4 cxd4
16.Bxg4 f5 17.exf5 gxf5 18.Bh3 Bd7 19.Qf3 Nc5 20.Qd5 Nd3 21.g3 f4 22.Qg2 Nb4
23.Qxb7 Rb8 24.Qe4 Bb5 25.Rfd1 Qd7 26.Rxd4 Nc2 27.Rd5 Nxa1 28.Rh5 h6 29.Rxh6+  1-0

[Event "Open"]
[Site "Stare Mesto CZE"]
[Date "2006.08.14"]
[Round "5"]
[White "Plischki,S"]
[Black "Rojicek,V"]
[Result "1-0"]
[WhiteElo "2387"]
[BlackElo "2235"]

1.d4 Nf6 2.c4 d6 3.Nf3 g6 4.Nc3 Nbd7 5.e4 e5 6.Be2 Bg7 7.O-O O-O 8.Be3 c6
9.d5 c5 10.Bg5 h6 11.Bh4 g5 12.Bg3 Nh5 13.Nd2 Nf4 14.Bg4 Nf6 15.Bxc8 Rxc8
16.Re1 h5 17.f3 h4 18.Bf2 Nd3 19.Re3 Nxf2 20.Kxf2 Bh6 21.Nf1 g4 22.fxg4 Bxe3+
23.Nxe3 Nh7 24.Nf5 Ng5 25.h3 a6 26.a4 f6 27.Nxh4 Qb6 28.Qe2 Qb4 29.Nf5 Rcd8
30.h4 Nf7 31.a5 Kh7 32.Ra4 Qb3 33.Ra3  1-0

[Event "93rd ch-GBR"]
[Site "Swansea WLS"]
[Date "2006.08.14"]
[Round "8"]
[White "Moyse,N"]
[Black "Roberts,DL"]
[Result "0-1"]
[WhiteElo "2036"]
[BlackElo "2126"]

1.d4 Nf6 2.Nf3 g6 3.c4 Bg7 4.Nc3 O-O 5.e4 d6 6.Be2 e5 7.dxe5 dxe5 8.Qxd8 Rxd8
9.Bg5 Re8 10.O-O-O h6 11.Be3 c6 12.Nd2 Bf8 13.a3 Ng4 14.Bxg4 Bxg4 15.f3 Be6
16.Na4 b5 17.Nc5 Bxc5 18.Bxc5 bxc4 19.Be3 Kg7 20.Nb1 Nd7 21.Rd6 Rec8 22.Rhd1 Nf6
23.Nc3 Ne8 24.R6d2 f5 25.h3 f4 26.Bc5 Kf6 27.Bf8 Nc7 28.Bc5 Nb5 29.Kc2 g5
30.Na4 h5 31.Bg1 Rg8 32.Nc5 c3 33.Nd7+ Kg7 34.Re2 Rgd8 35.Nc5 Bc4 36.Ree1 cxb2
37.Kxb2 Rab8 38.a4 Nc7+ 39.Kc3 Bf7 40.Rxd8 Rxd8 41.Rb1 Ne6 42.Nxe6+ Bxe6
43.Bxa7 Ra8 44.Rb7+ Kf6 45.a5 g4 46.hxg4 hxg4 47.Bb6 gxf3 48.gxf3 Bh3 49.Rd7 Bxd7  0-1

[Event "FSIMA August"]
[Site "Budapest HUN"]
[Date "2006.08.16"]
[Round "12"]
[White "Rees,I"]
[Black "Sardy,P"]
[Result "0-1"]
[WhiteElo "2241"]
[BlackElo "2339"]

1.d4 d6 2.Nf3 g6 3.c4 Bg7 4.Nc3 Nf6 5.e4 O-O 6.Be2 Na6 7.O-O e5 8.Be3 Qe8
9.dxe5 dxe5 10.b4 Ng4 11.Bc1 Nxb4 12.Ba3 c5 13.Bxb4 cxb4 14.Nd5 Qd8 15.Nxb4 f5
16.Qxd8 Rxd8 17.Rad1 Be6 18.exf5 Bxf5 19.h3 Nh6 20.g4 Bd7 21.Ng5 Nf7 22.Nxf7 Kxf7
23.Bf3 Rab8 24.Bd5+ Be6 25.f4 Bxd5 26.fxe5+ Kg8 27.Nxd5 Bxe5 28.Kg2 Kg7 29.Rfe1 Bd6
30.g5 b5 31.Re4 bxc4 32.Nf6 c3 33.Rc4 Be5 34.Re1 Rd4 35.Rxe5 Rb2+ 36.Kf3 Rxc4  0-1

[Event "Independence Cup A"]
[Site "Kyiv UKR"]
[Date "2006.08.16"]
[Round "4"]
[White "Kruppa,Y"]
[Black "Vovk,Or"]
[Result "1-0"]
[WhiteElo "2540"]
[BlackElo "2296"]

1.d4 Nf6 2.c4 g6 3.Nc3 Bg7 4.e4 d6 5.Nf3 O-O 6.Be2 e5 7.Be3 Ng4 8.Bg5 f6
9.Bc1 Na6 10.O-O c6 11.h3 Nh6 12.Rb1 Nf7 13.dxe5 dxe5 14.b4 Qxd1 15.Rxd1 Rd8
16.Rxd8+ Nxd8 17.Be3 Bf8 18.c5 Nc7 19.Nd2 a5 20.b5 Nde6 21.bxc6 bxc6 22.Rb6 Nd4
23.Bxd4 exd4 24.Na4 Ba6 25.Bc4+ Bxc4 26.Nxc4 Na6 27.Rxc6 d3 28.Kf1 Nb4 29.Rxf6 Rd8
30.Nd6 Nxa2 31.Ke1 Bg7 32.Re6 Nc3 33.Nb6 Bh6 34.Nbc4 Rb8 35.f4 Bxf4 36.c6 Nb5
37.e5 d2+ 38.Nxd2 Bxe5 39.Rxe5 Nxd6 40.Rxa5 Rc8 41.Rc5 Kf7 42.Nf3 Nf5 43.g4 Ng7
44.Rb5 Ne6 45.Kf2 h6 46.Ne5+ Kf6 47.Ke3 Nd8 48.Rc5 Ne6 49.Ra5 Nd8 50.Ke4 h5
51.Kd5 hxg4 52.hxg4 Kg5 53.Ra4 Kf6 54.Rf4+ Kg5 55.Rc4 Kf6 56.Rc1 g5 57.Kd6 Ne6
58.c7 Nxc7 59.Rf1+ Kg7 60.Rf7+ Kh6 61.Rxc7 Re8 62.Re7 Rd8+ 63.Rd7 Re8 64.Kd5 Rg8
65.Ke6 Re8+ 66.Re7 Rf8 67.Rf7 Re8+ 68.Kf5 Re7 69.Rf6+ Kh7 70.Nf3  1-0

[Event "Petrovskaja Ladja A1"]
[Site "Peterhof RUS"]
[Date "2006.08.16"]
[Round "4"]
[White "Markosian,D"]
[Black "Utkin,Alek"]
[Result "1-0"]
[WhiteElo "2377"]
[BlackElo "2395"]

1.Nf3 Nf6 2.c4 g6 3.Nc3 Bg7 4.e4 d6 5.d4 O-O 6.Be2 Nbd7 7.O-O e5 8.Re1 c6
9.Bf1 h6 10.Rb1 Nh7 11.Be3 f5 12.exf5 gxf5 13.dxe5 dxe5 14.c5 e4 15.Nd4 Ne5
16.Qb3+ Kh8 17.Nde2 Qe7 18.Nf4 Ng5 19.Rbd1 Be6 20.Qc2 Qf7 21.b3 Rad8 22.Be2 Qe7
23.Na4 Bf7 24.Rxd8 Rxd8 25.Rd1 Ne6 26.Rxd8+ Qxd8 27.Nxe6 Bxe6 28.Qd2 Qf6
29.h3 Kh7 30.Qb4 Ng6 31.Bh5 Qa1+ 32.Kh2 Nh4 33.Be2 Bc8 34.Qd2 Ng6 35.Bh5 Ne7
36.Bf7 Qf6 37.Bc4 Be6 38.Qd6 Bxc4 39.bxc4 Ng6 40.Bd2 Qf7 41.Bc3 Bxc3 42.Nxc3 Qe7
43.Ne2 Qe5+ 44.g3 Qb2 45.Qd7+ Qg7 46.Qxf5 Qe5 47.Qf7+ Qg7 48.Qxg7+ Kxg7 49.Nc3 Ne5
50.Nxe4 Nxc4 51.f4 b5 52.cxb6 axb6 53.Kg2 Ne3+ 54.Kf3 Nd5 55.Ke2 Kg6 56.a3 Kf5
57.Kd3 h5 58.Nd6+ Ke6 59.Nc4 h4 60.gxh4 Nxf4+ 61.Ke4 Nd5 62.Nd2 c5 63.Nb3 Nc3+
64.Kd3 Nb5 65.a4 Nd6 66.Kc3 Kd5 67.h5 Ne4+ 68.Kc2 Ke5 69.Kd3 Nd6 70.Nd2 Kf5
71.h4 Kf6 72.Nb1 Kg7 73.Nc3 Kh6 74.Nd5 b5 75.a5 Nc8 76.Nf6 Na7 77.a6 Nc6
78.Kc3 c4 79.Nd5 Kxh5 80.Nc7 Na7 81.Kb4 Kxh4 82.Nd5 Kg5 83.Kc5 Kf5 84.Kb6 c3
85.Kxa7 Ke5 86.Nxc3 b4 87.Na4 Kd6 88.Kb7  1-0

[Event "Open"]
[Site "Predeal ROM"]
[Date "2006.08.16"]
[Round "6"]
[White "Gleizerov,E"]
[Black "Grigore,Ge"]
[Result "1/2-1/2"]
[WhiteElo "2562"]
[BlackElo "2472"]

1.d4 Nf6 2.c4 g6 3.Nc3 Bg7 4.e4 d6 5.Nf3 O-O 6.Be2 e5 7.O-O exd4 8.Nxd4 Re8
9.f3 c6 10.Nb3 a6 11.Bg5 h6 12.Bh4 Nbd7 13.Bf2 Ne5 14.c5 d5 15.f4 Neg4 16.Bd4 h5
17.e5  1/2-1/2